[Event "Astana Zhuldyzdary Open A"]
[Site "Astana KAZ"]
[Date "2023.07.15"]
[Round "6.50"]
[White "Balabayeva, Xeniya"]
[Black "Sovetbekova, Nurai"]
[Result "1-0"]
[WhiteTitle "WIM"]
[BlackTitle "WFM"]
[WhiteElo "2239"]
[BlackElo "1823"]
[WhiteFideId "13719688"]
[BlackFideId "13801910"]
[EventDate "2023.07.11"]

1. e4 c5 2. Nf3 Nc6 3. Bb5 g6 4. O-O Bg7 5. c3 Nf6 6. Re1 O-O 7. d4 Qb6 8. Bxc6
dxc6 9. e5 Nd5 10. c4 Nc7 11. Nc3 cxd4 12. Na4 Qa6 13. b3 Ne6 14. Ng5 b6 15.
Nxe6 Bxe6 16. Bg5 Qb7 17. Qxd4 Rad8 18. Qh4 Rd7 19. Nc3 Rfd8 20. Re3 Qc7 21. f4
b5 22. c5 b4 23. Ne4 Rd1+ 24. Rxd1 Rxd1+ 25. Kf2 Rd7 26. g4 Qa5 27. Bxe7 Qxa2+
28. Re2 Qa1 29. Bd6 Qd4+ 30. Re3 h6 31. f5 Bd5 32. g5 Bxe4 33. Qxe4 Qd2+ 34. Re2
Qxg5 35. f6 Bf8 36. Qxc6 Qh4+ 37. Kf1 Qf4+ 38. Ke1 Qc1+ 39. Kf2 Qf4+ 40. Qf3
Qh4+ 41. Kg2 Qg5+ 42. Qg3 Qf5 43. c6 Rd8 44. c7 Re8 45. Qh3 Qg5+ 46. Qg3 Qf5 47.
Bxf8 Kxf8 48. Qh4 h5 49. Qxb4+ Kg8 50. Qc4 Qg5+ 51. Kf2 Qf5+ 52. Ke1 Qb1+ 53.
Kd2 Qf5 54. e6 Qg5+ 55. Kd1 fxe6 56. c8=Q 1-0

[Event "Astana Zhuldyzdary Open A"]
[Site "Astana KAZ"]
[Date "2023.07.15"]
[Round "6.51"]
[White "Ulkhanov, Azamat"]
[Black "Khamit, Daulet"]
[Result "1-0"]
[WhiteElo "2064"]
[BlackElo "1822"]
[WhiteFideId "13700235"]
[BlackFideId "13709542"]
[EventDate "2023.07.11"]

1. e4 e6 2. d4 d5 3. e5 c5 4. c3 Qb6 5. Nf3 Bd7 6. a3 Bb5 7. Bxb5+ Qxb5 8. b4 b6
9. a4 Qa6 10. bxc5 bxc5 11. Na3 Nc6 12. Nb5 Rc8 13. O-O Na5 14. Qe2 Qb7 15. dxc5
Bxc5 16. Be3 a6 17. Bxc5 axb5 18. axb5 Nb3 19. Ra7 Qb8 20. Be3 d4 21. b6 Qxb6
22. Ra6 Qb7 23. cxd4 Ne7 24. Ra3 Qd5 25. Qa2 Rb8 26. Rb1 1-0

[Event "Astana Zhuldyzdary Open A"]
[Site "Astana KAZ"]
[Date "2023.07.15"]
[Round "6.53"]
[White "Karibayev, Dimash"]
[Black "Kanaev, Ardak"]
[Result "0-1"]
[WhiteElo "1876"]
[BlackElo "1865"]
[WhiteFideId "13720333"]
[BlackFideId "13701533"]
[EventDate "2023.07.11"]

1. e4 c5 2. Nf3 Nc6 3. d4 cxd4 4. Nxd4 g6 5. c4 Nf6 6. Nc3 d6 7. Be2 Nxd4 8.
Qxd4 Bg7 9. Be3 O-O 10. Qd2 a5 11. O-O a4 12. Rac1 Qa5 13. f3 Be6 14. Kh1 Rfc8
15. b3 axb3 16. axb3 Nd7 17. Na4 Qxd2 18. Bxd2 b5 19. cxb5 Bxb3 20. Nc3 e6 21.
Nd1 Rxc1 22. Bxc1 Ra2 23. Bd3 Nc5 24. b6 Ra8 25. Be2 Rb8 26. Be3 Rxb6 27. f4 Rb4
28. e5 Bf8 29. Nf2 Ne4 30. Nd3 Ra4 31. Rc1 d5 32. Rc8 Ra1+ 33. Nc1 Bc4 34. Bxc4
d4 35. Be2 dxe3 36. g3 Nc5 0-1

[Event "Astana Zhuldyzdary Open A"]
[Site "Astana KAZ"]
[Date "2023.07.15"]
[Round "7.1"]
[White "Makhnev, Denis"]
[Black "Aditya, Mittal"]
[Result "0-1"]
[WhiteTitle "GM"]
[BlackTitle "GM"]
[WhiteElo "2454"]
[BlackElo "2563"]
[WhiteFideId "13707647"]
[BlackFideId "35042025"]
[EventDate "2023.07.11"]

1. d4 Nf6 2. c4 e6 3. Nc3 Bb4 4. Qc2 O-O 5. a3 Bxc3+ 6. Qxc3 Nc6 7. Nf3 d6 8. b4
e5 9. d5 Ne7 10. Nd2 Bf5 11. e3 a5 12. f3 c6 13. e4 Bg6 14. bxa5 Nd7 15. Nb3 f5
16. Bg5 fxe4 17. dxc6 bxc6 18. Rd1 h6 19. Bh4 d5 20. cxd5 cxd5 21. Bb5 d4 22.
Qb4 Nf6 23. fxe4 Bxe4 24. O-O Ned5 25. Bc4 Kh7 26. Bxd5 Bxd5 27. Nc5 Qxa5 28.
Qb1+ Kg8 29. Bxf6 Qxc5 30. Bxe5 d3+ 31. Kh1 Rf2 32. Rxf2 Qxf2 33. Rg1 Qe2 34.
Bc3 Rc8 35. Qb5 Be4 36. Bd4 Rc1 37. Qb8+ Kh7 38. Qg3 Bxg2+ 39. Qxg2 Rxg1+ 0-1

[Event "Astana Zhuldyzdary Open A"]
[Site "Astana KAZ"]
[Date "2023.07.15"]
[Round "7.2"]
[White "Alekseev, Evgeny"]
[Black "Muradli, Mahammad"]
[Result "1-0"]
[WhiteTitle "GM"]
[BlackTitle "GM"]
[WhiteElo "2563"]
[BlackElo "2546"]
[WhiteFideId "4138147"]
[BlackFideId "13409301"]
[EventDate "2023.07.11"]

1. e4 c5 2. Nf3 d6 3. d4 cxd4 4. Nxd4 Nf6 5. Nc3 a6 6. h3 e6 7. g4 h6 8. Bg2 Be7
9. Qe2 Bd7 10. f4 Nc6 11. Be3 Qc7 12. O-O-O Na5 13. Kb1 Rc8 14. Bc1 Nc4 15. Rd3
b5 16. a3 Qb8 17. Re1 b4 18. axb4 Qxb4 19. Na2 Qb6 20. Red1 Bb5 21. b3 Nd7 22.
bxc4 Bxc4+ 23. Nb3 Nc5 24. Qe3 Bxd3 25. Rxd3 Qb8 26. Rd4 a5 27. Bb2 O-O 28. Nxa5
Qa7 29. Nb3 Ra8 30. Nac1 Rfb8 31. Rd1 e5 32. g5 hxg5 33. fxe5 dxe5 34. Rd5 Rc8
35. Bxe5 Qa3 36. Bb2 Qb4 37. Qd4 Qxd4 38. Nxd4 Na4 39. e5 Rab8 40. Ncb3 Bb4 41.
Rd7 Nb6 42. Ra7 Nc4 43. Nc6 Rb6 44. Nxb4 Rxb4 45. Bd5 Ne3 46. Bxf7+ Kh7 47. e6
Rf4 48. Bc1 1-0

[Event "Astana Zhuldyzdary Open A"]
[Site "Astana KAZ"]
[Date "2023.07.15"]
[Round "7.3"]
[White "Ponkratov, Pavel"]
[Black "Igambergenov, Alibek"]
[Result "0-1"]
[WhiteTitle "GM"]
[BlackTitle "IM"]
[WhiteElo "2589"]
[BlackElo "2420"]
[WhiteFideId "4157800"]
[BlackFideId "13703404"]
[EventDate "2023.07.11"]

1. e4 g6 2. d4 Bg7 3. Nc3 d6 4. Be3 a6 5. h4 h6 6. f3 Nd7 7. Qd2 b5 8. Nh3 Bb7
9. Nf2 c5 10. dxc5 Nxc5 11. h5 g5 12. O-O-O Rc8 13. Kb1 Ne6 14. Nd5 Nf6 15.
Nxf6+ Bxf6 16. g3 Qc7 17. Bh3 d5 18. Bxe6 fxe6 19. Ng4 Bg7 20. f4 d4 21. Bxd4
Bxe4 22. Bxg7 Qxc2+ 23. Qxc2 Bxc2+ 24. Ka1 Bxd1 25. Rxd1 Rg8 26. fxg5 Rxg7 27.
g6 Rc5 28. Rh1 Rg5 29. Rh4 Rg8 30. Nxh6 Rh8 31. Nf7 Rd5 32. a4 Rhxh5 33. Rf4
Rdf5 34. Re4 Rf6 35. Ne5 Rg5 36. g4 Rf1+ 37. Ka2 Rd1 38. axb5 axb5 39. Nf3 Rxg6
40. Nd4 Rg1 41. Nxe6 R6xg4 42. Rxg4 Rxg4 43. Nc7+ Kd7 44. Nxb5 Kc6 45. Nc3 Kc5
46. Kb3 Kd4 47. Kb4 e5 0-1

[Event "Astana Zhuldyzdary Open A"]
[Site "Astana KAZ"]
[Date "2023.07.15"]
[Round "7.5"]
[White "Lobanov, Sergei"]
[Black "Suleymenov, Alisher"]
[Result "1/2-1/2"]
[WhiteTitle "GM"]
[BlackTitle "IM"]
[WhiteElo "2547"]
[BlackElo "2499"]
[WhiteFideId "24183750"]
[BlackFideId "13707833"]
[EventDate "2023.07.11"]

1. e4 c5 2. Nf3 e6 3. d4 cxd4 4. Nxd4 Nf6 5. Nc3 Nc6 6. Ndb5 d6 7. Bf4 e5 8. Bg5
a6 9. Na3 b5 10. Nd5 Be7 11. Bxf6 Bxf6 12. c3 Rb8 13. Nc2 Bg5 14. a4 bxa4 15.
Ncb4 Nxb4 16. cxb4 O-O 17. Rxa4 a5 18. h4 Bh6 19. b5 Bd7 20. Nc3 d5 21. exd5 f5
22. Be2 Kh8 23. O-O g5 24. g3 gxh4 25. Rxh4 Bg5 26. Rc4 1/2-1/2

[Event "Astana Zhuldyzdary Open A"]
[Site "Astana KAZ"]
[Date "2023.07.15"]
[Round "7.6"]
[White "Bernadskiy, Vitaliy"]
[Black "Sivuk, Vitaly"]
[Result "0-1"]
[WhiteTitle "GM"]
[BlackTitle "GM"]
[WhiteElo "2545"]
[BlackElo "2432"]
[WhiteFideId "14100371"]
[BlackFideId "14116502"]
[EventDate "2023.07.11"]

1. c4 c6 2. Nf3 d5 3. d4 Nf6 4. Nc3 dxc4 5. a4 Bf5 6. Ne5 Nbd7 7. Nxc4 Nb6 8.
Ne5 a5 9. e3 g6 10. g4 Be6 11. e4 Nfd7 12. Nxd7 Bxd7 13. h4 h5 14. gxh5 Rxh5 15.
Be2 Rh7 16. Be3 e6 17. Qb3 Bb4 18. O-O-O Qe7 19. Kb1 Rxh4 20. Rdg1 Rxh1 21. Rxh1
O-O-O 22. Na2 e5 23. d5 Bc5 24. Rc1 Bxe3 25. Qxe3 Kc7 26. Nc3 c5 27. Nb5+ Bxb5
28. Rxc5+ Bc6 29. Bb5 Nxd5 30. exd5 Rxd5 31. Rc1 Qb4 32. Qf3 Rc5 33. Rxc5 Qxc5
34. Qxf7+ Kb6 35. Qxg6 Qxf2 36. Bxc6 bxc6 37. Qd6 Qf1+ 38. Ka2 Qc4+ 39. b3 Qc2+
40. Ka1 Qc3+ 41. Ka2 e4 42. Qb8+ Kc5 43. Qf8+ Kd4 44. Qd6+ Ke3 45. Qg3+ Kd2 46.
Qg2+ Kd3 47. Qf1+ Ke3 48. Qh3+ Kd4 49. Qd7+ Ke3 50. Qh3+ Kd2 51. Qg2+ Kd3 52.
Qf1+ Kc2 53. Qb1+ Kd2 54. Qxe4 Qc2+ 55. Qxc2+ Kxc2 56. Ka3 c5 57. Ka2 Kd2 0-1

[Event "Astana Zhuldyzdary Open A"]
[Site "Astana KAZ"]
[Date "2023.07.15"]
[Round "7.7"]
[White "Ansat, Aldiyar"]
[Black "Nikitenko, Mihail"]
[Result "1-0"]
[WhiteTitle "IM"]
[BlackTitle "GM"]
[WhiteElo "2400"]
[BlackElo "2540"]
[WhiteFideId "13715658"]
[BlackFideId "13506862"]
[EventDate "2023.07.11"]

1. e4 e6 2. d4 d5 3. Nc3 dxe4 4. Nxe4 Nd7 5. Nf3 Ngf6 6. Nxf6+ Nxf6 7. Bd3 c5 8.
O-O Qc7 9. c4 cxd4 10. Nxd4 a6 11. Re1 Bd6 12. Nf3 b6 13. b3 Bb7 14. Bb2 Rd8 15.
Qe2 Ng4 16. h3 Bh2+ 17. Kf1 Nxf2 18. Qxf2 Rxd3 19. Nxh2 Qxh2 20. Be5 Bxg2+ 21.
Qxg2 Qxg2+ 22. Kxg2 f6 23. Bc7 b5 24. Rad1 bxc4 25. bxc4 Rxd1 26. Rxd1 Ke7 27.
c5 Rc8 28. Bd6+ Kd7 29. Rb1 1-0

[Event "Astana Zhuldyzdary Open A"]
[Site "Astana KAZ"]
[Date "2023.07.15"]
[Round "7.8"]
[White "Isanzhulov, Arystan"]
[Black "Niemann, Hans Moke"]
[Result "0-1"]
[WhiteTitle "FM"]
[BlackTitle "GM"]
[WhiteElo "2422"]
[BlackElo "2674"]
[WhiteFideId "13711644"]
[BlackFideId "2093596"]
[EventDate "2023.07.11"]

1. e4 c5 2. d4 cxd4 3. Qxd4 Nc6 4. Qd3 e6 5. Nc3 a6 6. Nf3 Nf6 7. Be2 Qc7 8. O-O
b5 9. Bg5 Bb7 10. a3 h6 11. Be3 Be7 12. Rad1 O-O 13. Qd2 Rfd8 14. Nd5 exd5 15.
exd5 Bd6 16. dxc6 dxc6 17. Qc3 c5 18. Bxh6 Qe7 19. Bg5 Qxe2 20. Bxf6 b4 21. axb4
cxb4 22. Qb3 gxf6 23. Rfe1 Qb5 24. Rd3 Bc5 25. Rxd8+ Rxd8 26. Nh4 Re8 27. Qg3+
Kf8 28. Rf1 Be7 29. Qh3 Qh5 30. Qd7 Bc8 31. Qd4 Rd8 32. Qc4 Be6 33. Qf4 Qg5 0-1

[Event "Astana Zhuldyzdary Open A"]
[Site "Astana KAZ"]
[Date "2023.07.15"]
[Round "7.9"]
[White "Rakhmanov, Aleksandr"]
[Black "Suleimen, Ergali"]
[Result "1-0"]
[WhiteTitle "GM"]
[BlackTitle "FM"]
[WhiteElo "2620"]
[BlackElo "2296"]
[WhiteFideId "4173708"]
[BlackFideId "13724452"]
[EventDate "2023.07.11"]

1. d4 Nf6 2. c4 g6 3. Nc3 d5 4. Nf3 Bg7 5. cxd5 Nxd5 6. Qa4+ Nc6 7. e4 Nb6 8.
Qc2 e6 9. Bb5 Bd7 10. Be3 O-O 11. O-O a6 12. Be2 f5 13. Qd2 Kh8 14. Rfd1 fxe4
15. Nxe4 Nd5 16. Bg5 Qe8 17. Rac1 b6 18. Re1 Rf7 19. Bh6 Qf8 20. Neg5 Rf6 21.
Bxg7+ Qxg7 22. Bd1 Nce7 23. Ne5 Bc8 24. Bf3 h6 25. Ne4 Rf8 26. Nc3 Bb7 27. Nxd5
Nxd5 28. Be4 Rf6 29. Ng4 Rf4 30. Bxd5 Rxd4 31. Qxd4 Qxd4 32. Bxb7 Rf8 33. Bf3 c5
34. Ne5 Rf6 35. b3 h5 36. Rcd1 Qb2 37. Re2 Qc3 38. h4 Qb4 39. Be4 b5 40. g3 c4
41. bxc4 bxc4 42. Nxg6+ Kg7 43. Nf4 Rxf4 44. gxf4 Kf6 45. Bc2 c3 46. Rde1 1-0

[Event "Astana Zhuldyzdary Open A"]
[Site "Astana KAZ"]
[Date "2023.07.15"]
[Round "7.10"]
[White "Zarubitski, Viachaslau"]
[Black "Kovalev, Vladislav"]
[Result "1/2-1/2"]
[WhiteTitle "IM"]
[BlackTitle "GM"]
[WhiteElo "2423"]
[BlackElo "2603"]
[WhiteFideId "13509373"]
[BlackFideId "13504398"]
[EventDate "2023.07.11"]

1. e4 e5 2. Nf3 Nc6 3. Bc4 Bc5 4. c3 Nf6 5. d3 d6 6. O-O h6 7. Nbd2 O-O 8. h3 a5
9. Re1 Be6 10. Bb5 Qb8 11. Nf1 Qa7 12. d4 1/2-1/2

[Event "Astana Zhuldyzdary Open A"]
[Site "Astana KAZ"]
[Date "2023.07.15"]
[Round "7.11"]
[White "Goganov, Aleksey"]
[Black "Stribuk, Artiom"]
[Result "0-1"]
[WhiteTitle "GM"]
[BlackTitle "FM"]
[WhiteElo "2531"]
[BlackElo "2408"]
[WhiteFideId "24109959"]
[BlackFideId "13515659"]
[EventDate "2023.07.11"]

1. e4 c5 2. Nf3 d6 3. d4 cxd4 4. Nxd4 Nf6 5. Nc3 Nc6 6. Bg5 e6 7. Qd2 a6 8.
O-O-O Bd7 9. Kb1 Nxd4 10. Qxd4 Be7 11. f3 Qc7 12. Qd2 b5 13. Bd3 b4 14. Ne2 a5
15. c4 bxc3 16. Nxc3 O-O 17. Bb5 Bxb5 18. Nxb5 Qc5 19. Bxf6 Bxf6 20. a4 Rfd8 21.
Qc2 Qe5 22. Qb3 Rac8 23. Rd2 h5 24. Rhd1 Qxh2 25. g4 Qf4 26. gxh5 d5 27. exd5
exd5 28. Rxd5 Rxd5 29. Qxd5 Qxa4 30. Rd2 Re8 31. Na3 Qb4 32. h6 Bxb2 33. Rxb2
Qxa3 34. Qd2 Qxf3 35. hxg7 Qe4+ 36. Ka2 Qa4+ 37. Kb1 Qe4+ 38. Ka2 Qc4+ 39. Ka1
a4 40. Rb4 Qf1+ 41. Rb1 Qf6+ 42. Ka2 Qe6+ 43. Ka3 Qe3+ 44. Qxe3 Rxe3+ 45. Kxa4
Kxg7 46. Kb4 f5 47. Kc4 Kf6 48. Kd4 Rg3 49. Re1 Kg5 50. Ke5 Kg4 51. Re2 f4 52.
Ke4 Rg1 53. Kd4 0-1

[Event "Astana Zhuldyzdary Open A"]
[Site "Astana KAZ"]
[Date "2023.07.15"]
[Round "7.12"]
[White "Ashraf, Artin"]
[Black "Nogerbek, Kazybek"]
[Result "1/2-1/2"]
[WhiteTitle "FM"]
[BlackTitle "IM"]
[WhiteElo "2309"]
[BlackElo "2504"]
[WhiteFideId "22514805"]
[BlackFideId "13710427"]
[EventDate "2023.07.11"]

1. d4 Nf6 2. c4 e6 3. Nf3 d5 4. g3 dxc4 5. Bg2 Bb4+ 6. Bd2 a5 7. Qc2 b6 8. Qxc4
Bb7 9. Bxb4 axb4 10. Qb5+ Qd7 11. Qxb4 Ra4 12. Qb3 Bd5 13. Qc2 Be4 14. Qb3 Bd5
15. Qc2 Bxf3 16. Bxf3 Rxd4 17. Nc3 O-O 18. Rd1 Rxd1+ 19. Qxd1 Qe7 20. O-O Nbd7
21. Qa4 h6 22. Rd1 Ne5 23. Bg2 Rd8 24. Rxd8+ Qxd8 25. Qa8 Qxa8 26. Bxa8 Kf8 27.
Kf1 Ke7 28. Bg2 Nc4 29. b3 Na3 30. Ke1 b5 31. b4 Kd6 32. Kd2 c5 33. bxc5+ Kxc5
34. Ne4+ Nxe4+ 35. Bxe4 Nc4+ 36. Kc2 Ne5 37. h3 g5 38. e3 b4 39. Bd3 f6 40. Be2
Nf7 41. Kd3 Nd6 42. Bd1 e5 43. e4 Kb5 44. Bb3 Nb7 45. Kd2 Nc5 46. Ke3 Kb6 47.
Kf3 Kc6 48. Bd5+ Kd6 49. Kg4 Nd3 50. f3 Nf2+ 51. Kf5 Nxh3 52. Kxf6 h5 53. Kf5 h4
54. gxh4 gxh4 55. Kg4 Ng5 56. Kxh4 Nxf3+ 57. Kg3 Nd4 58. Kf2 Kc5 59. Ke3 Nc2+
60. Kd2 Na3 61. Kd3 Nb5 62. Bb3 Nd6 63. Ke3 Kb5 64. Kd3 Nb7 65. Kd2 Nc5 66. Ke3
Kc6 67. Bd5+ Kd6 68. Kd2 Ke7 69. Kc2 Kd6 70. Kd2 Nd7 71. Ke3 Kc5 72. Bb3 Nf6 73.
Be6 Nh5 74. Bf7 Nf4 75. Bb3 Nh3 76. Be6 Ng5 77. Bd5 Kb5 78. Bb3 Nh7 79. Kf3 Nf8
80. Ke3 Nd7 81. Kd3 Nc5+ 82. Ke3 Ka5 83. Bc2 Kb6 84. Bb3 Kb5 85. Kf3 Kc6 86. Ke3
Kd6 87. Bd5 Ke7 88. Kd2 Kf6 89. Kc2 Kg5 90. Kb2 Kf4 91. a3 bxa3+ 92. Kxa3 Nxe4
93. Kb2 Nf6 94. Bc6 e4 95. Bxe4 Nxe4 1/2-1/2

[Event "Astana Zhuldyzdary Open A"]
[Site "Astana KAZ"]
[Date "2023.07.15"]
[Round "7.13"]
[White "Kozganbay, Erkin"]
[Black "Ohanyan, Emin"]
[Result "1/2-1/2"]
[BlackTitle "IM"]
[WhiteElo "2337"]
[BlackElo "2489"]
[WhiteFideId "13703773"]
[BlackFideId "13312022"]
[EventDate "2023.07.11"]

1. Nf3 d5 2. g3 g6 3. Bg2 Bg7 4. d4 c6 5. O-O Nf6 6. c4 dxc4 7. a4 Ne4 8. Nc3
Nxc3 9. bxc3 O-O 10. Nd2 Be6 11. Rb1 Qc8 12. Ba3 Re8 13. e4 Nd7 14. Qe2 Nb6 15.
a5 Na4 16. Rfc1 b5 17. axb6 axb6 18. Nxc4 Qa6 19. Bf1 Bxc4 20. Qxc4 Qxc4 21.
Bxc4 b5 22. Bf1 e6 23. Rc2 Nb6 24. Bc1 Ra4 25. Rb4 Rea8 26. Be3 Bf8 27. Rxa4
bxa4 28. d5 c5 29. dxe6 fxe6 30. Bb5 a3 31. Ra2 c4 32. Bxb6 Rb8 33. Ba5 1/2-1/2

[Event "Astana Zhuldyzdary Open A"]
[Site "Astana KAZ"]
[Date "2023.07.15"]
[Round "7.14"]
[White "Tsaruk, Maksim"]
[Black "Abdisalimov, Abdimalik"]
[Result "1-0"]
[WhiteTitle "FM"]
[BlackTitle "IM"]
[WhiteElo "2393"]
[BlackElo "2451"]
[WhiteFideId "13511173"]
[BlackFideId "14206323"]
[EventDate "2023.07.11"]

1. e4 c5 2. Nf3 d6 3. Bb5+ Nd7 4. O-O a6 5. Bd3 Ngf6 6. Re1 g6 7. c3 b5 8. a4 c4
9. Bc2 Bb7 10. axb5 axb5 11. Rxa8 Qxa8 12. Na3 Bxe4 13. Bxe4 Nxe4 14. Nxb5 Qb7
15. Qa4 d5 16. b3 cxb3 17. d3 Bg7 18. dxe4 O-O 19. exd5 Qxd5 20. Nbd4 Rb8 21.
Nc6 Qb5 22. Nxe7+ Kf8 23. Qxb5 Rxb5 24. Ba3 b2 25. Nd2 Nc5 26. Nd5 Kg8 27. c4 1-0

[Event "Astana Zhuldyzdary Open A"]
[Site "Astana KAZ"]
[Date "2023.07.15"]
[Round "7.16"]
[White "Sargsyan, Shant"]
[Black "Divya, Deshmukh"]
[Result "1-0"]
[WhiteTitle "GM"]
[BlackTitle "WGM"]
[WhiteElo "2654"]
[BlackElo "2400"]
[WhiteFideId "13306766"]
[BlackFideId "35006916"]
[EventDate "2023.07.11"]

1. d4 Nf6 2. c4 e6 3. Nf3 d5 4. Nc3 Be7 5. Bf4 O-O 6. e3 c5 7. dxc5 Bxc5 8. Qc2
Qa5 9. a3 Nc6 10. Rd1 h6 11. Nd2 d4 12. Nb3 Qb6 13. Nxc5 Qxc5 14. b4 Qe7 15.
exd4 a5 16. c5 axb4 17. axb4 Nxb4 18. Qb2 Nfd5 19. Bd6 Qh4 20. g3 Qf6 21. Bg2
Rd8 22. O-O Nxc3 23. Qxc3 Nd5 24. Qb2 b5 25. Rfe1 Bd7 26. Be5 Qg6 27. Be4 Qh5
28. f3 Bc6 29. g4 Qh4 30. Bg3 Qe7 31. h4 Qb7 32. g5 hxg5 33. hxg5 Ne7 34. Bd6
Bd5 35. Bxd5 Nxd5 36. Qh2 Nc3 37. Rd3 Ra2 38. Qe5 b4 39. g6 Rda8 40. c6 Qc8 41.
d5 fxg6 42. Qxe6+ Qxe6 43. dxe6 Rc2 44. e7 Kf7 45. c7 Re8 46. Bxb4 Ne2+ 47. Rxe2
Rxe2 48. Rd8 Rc2 49. Bd6 g5 50. Kf1 g6 51. Ke1 Rc6 52. Ke2 Rxd6 53. Rxe8 Re6+
54. Kf2 Kxe8 55. c8=Q+ Kxe7 56. Qg8 Kf6 57. Qf8+ Ke5 58. Kg3 Rf6 59. Qe7+ Re6
60. Qxg5+ Kd6 61. Qd8+ Ke5 62. Kg4 1-0

[Event "Astana Zhuldyzdary Open A"]
[Site "Astana KAZ"]
[Date "2023.07.15"]
[Round "7.18"]
[White "Sethuraman, S.P."]
[Black "Zverev, Lev"]
[Result "1-0"]
[WhiteTitle "GM"]
[BlackTitle "FM"]
[WhiteElo "2602"]
[BlackElo "2319"]
[WhiteFideId "5021596"]
[BlackFideId "24250775"]
[EventDate "2023.07.11"]

1. e4 e5 2. Nf3 Nc6 3. Bc4 Bc5 4. d3 Nf6 5. c3 d6 6. Bg5 h6 7. Bh4 g5 8. Bg3 Bb6
9. Nbd2 Qe7 10. O-O Bd7 11. a4 a6 12. Re1 O-O 13. b4 Rad8 14. Bb3 Be6 15. Nc4
Bxc4 16. Bxc4 a5 17. b5 Nb8 18. Nd2 Ne8 19. Ba2 Ng7 20. Nc4 Nd7 21. d4 h5 22. h3
Qf6 23. Qc2 Ne6 24. Rad1 Nf4 25. Ne3 c5 26. Nf5 Rfe8 27. h4 Nf8 1-0

[Event "Astana Zhuldyzdary Open A"]
[Site "Astana KAZ"]
[Date "2023.07.15"]
[Round "7.19"]
[White "Smirin, Ilia"]
[Black "Kvan, Andrey"]
[Result "1/2-1/2"]
[WhiteTitle "GM"]
[WhiteElo "2595"]
[BlackElo "2228"]
[WhiteFideId "2801990"]
[BlackFideId "13701738"]
[EventDate "2023.07.11"]

1. e4 c6 2. d4 d5 3. e5 c5 4. Nf3 Nc6 5. c4 cxd4 6. Nxd4 dxc4 7. Nxc6 Qxd1+ 8.
Kxd1 bxc6 9. Bxc4 Bf5 10. Nc3 e6 11. Ke2 Ne7 12. Bd2 Rb8 13. Na4 Ng6 14. f4 Bb4
15. g3 O-O 16. Bxb4 Rxb4 17. b3 Rd8 18. Rac1 Ne7 19. Nc5 g5 20. a3 Rbb8 21. Ke3
Nd5+ 22. Bxd5 Rxd5 23. Rhd1 gxf4+ 24. Kxf4 Rbd8 25. Rxd5 Rxd5 26. Rc4 Bd3 27.
Rc3 Bf5 28. b4 Rd4+ 29. Kf3 h5 30. Nb3 Re4 31. Rc5 Re1 32. Nd4 Bg4+ 33. Kf4 Bh3
34. Nxc6 Bg2 35. Rc2 Bh1 36. Rc4 Kg7 37. b5 Bd5 38. Rb4 f6 39. a4 Rf1+ 40. Ke3
Rf3+ 41. Kd4 Ra3 42. Kc5 fxe5 43. Nxe5 Kf6 1/2-1/2

[Event "Astana Zhuldyzdary Open A"]
[Site "Astana KAZ"]
[Date "2023.07.15"]
[Round "7.20"]
[White "Sapenov, Daniyal"]
[Black "Harutyunyan, Tigran K."]
[Result "0-1"]
[WhiteTitle "FM"]
[BlackTitle "GM"]
[WhiteElo "2329"]
[BlackElo "2526"]
[WhiteFideId "13728911"]
[BlackFideId "13303635"]
[EventDate "2023.07.11"]

1. d4 Nf6 2. c4 e6 3. Nc3 d5 4. cxd5 exd5 5. Bf4 Bd6 6. Bxd6 Qxd6 7. e3 c6 8.
Bd3 O-O 9. h3 Re8 10. Nf3 Nbd7 11. Qc2 Nf8 12. O-O Ng6 13. Rab1 a5 14. a3 Qe7
15. Na4 Ne4 16. Bxe4 dxe4 17. Nd2 Nh4 18. Qc5 Qf6 19. Qh5 Bf5 20. Nc3 Re6 21. g3
Nf3+ 22. Nxf3 exf3 23. Rbd1 Bc2 24. Rd2 Bb3 25. Qg4 Rae8 26. Kh2 b5 27. e4 Qh6
28. Nb1 Rxe4 29. Qxf3 Bd5 30. Qd1 Bc4 31. Rh1 b4 32. axb4 axb4 33. Kg2 Qf6 0-1

[Event "Astana Zhuldyzdary Open A"]
[Site "Astana KAZ"]
[Date "2023.07.15"]
[Round "7.21"]
[White "Novik, Maxim"]
[Black "Arestanov, Timur"]
[Result "0-1"]
[WhiteTitle "GM"]
[BlackTitle "FM"]
[WhiteElo "2436"]
[BlackElo "2216"]
[WhiteFideId "4102924"]
[BlackFideId "13701304"]
[EventDate "2023.07.11"]

1. Nf3 d5 2. g3 g6 3. Bg2 Bg7 4. d4 c6 5. O-O Nf6 6. c4 dxc4 7. a4 Be6 8. Ng5
Bd5 9. e4 h6 10. exd5 hxg5 11. dxc6 Nxc6 12. d5 Nb4 13. Bxg5 Nfxd5 14. Nc3 Bxc3
15. bxc3 Nd3 16. Qg4 Nxc3 17. Qxc4 Rc8 18. Qg4 a5 19. h4 Ne5 20. Qh3 Rc4 21.
Rae1 Qd4 22. Bxb7 Kf8 23. Bg2 e6 24. Be3 Qd3 25. Kh1 Kg7 26. Bf4 Nd7 27. Re3 Qd4
28. Bg5 Rxa4 29. Rc1 Nd1 30. Kg1 Nxe3 31. Bxe3 Qe5 32. Bc6 Ra1 33. Qf1 Rxc1 34.
Qxc1 Rc8 35. Qd2 Nf6 36. Bf3 Rc4 37. Kg2 Nd5 38. Bh6+ Kg8 39. Qa2 Rb4 40. Qc2
Qc3 41. Qd1 Qd4 42. Qe1 a4 43. Bc1 Rb1 0-1

[Event "Astana Zhuldyzdary Open A"]
[Site "Astana KAZ"]
[Date "2023.07.15"]
[Round "7.22"]
[White "Kuziev, Miraziz"]
[Black "Gan-Erdene, Sugar"]
[Result "1/2-1/2"]
[BlackTitle "IM"]
[WhiteElo "2049"]
[BlackElo "2418"]
[WhiteFideId "14215772"]
[BlackFideId "4902980"]
[EventDate "2023.07.11"]

1. d4 Nf6 2. c4 g6 3. Nc3 Bg7 4. e4 d6 5. f3 O-O 6. Be3 c5 7. dxc5 dxc5 8. Qxd8
Rxd8 9. Bxc5 Nc6 10. Nge2 b6 11. Ba3 Ba6 12. Nb5 Ne8 13. Rd1 Rxd1+ 14. Kxd1 Rd8+
15. Kc2 Bh6 16. Nc1 Rd2+ 17. Kc3 Rd1 18. Nd3 Bb7 19. Kc2 Rd2+ 20. Kb1 Rd1+ 21.
Kc2 Rd2+ 1/2-1/2

[Event "Astana Zhuldyzdary Open A"]
[Site "Astana KAZ"]
[Date "2023.07.15"]
[Round "7.23"]
[White "Assylov, Miras"]
[Black "Aitbayev, Aslan"]
[Result "1-0"]
[BlackTitle "IM"]
[WhiteElo "2012"]
[BlackElo "2403"]
[WhiteFideId "13728873"]
[BlackFideId "13704613"]
[EventDate "2023.07.11"]

1. e4 d6 2. d4 Nf6 3. Nc3 g6 4. Be3 a6 5. h3 b5 6. e5 Nfd7 7. Qf3 Nb6 8. O-O-O
Bg7 9. Bd3 N8d7 10. e6 fxe6 11. h4 Nf6 12. h5 Nxh5 13. g4 Nf6 14. Bh6 Bxh6+ 15.
Rxh6 Rf8 16. Qh1 Nxg4 17. Rxh7 Nxf2 18. Qc6+ Qd7 19. Bxg6+ Kd8 20. Qf3 Qe8 21.
Bxe8 Rxf3 22. Rh8 c6 23. Bxc6+ Kc7 24. Bxf3 Nxd1 25. Nxd1 Ra7 26. Ne3 Bb7 27.
Bg4 Nd5 28. Nxd5+ Bxd5 29. Nf3 Kb6 30. Ng5 e5 31. dxe5 dxe5 32. Rh6+ Kc5 33.
Ne6+ Bxe6 34. Bxe6 a5 35. Rh8 Ra6 36. Bf5 Rf6 37. Bd3 Rb6 38. Kd2 a4 39. a3 b4
40. Ra8 1-0